Short textbook of medical diagnosis and management (Record no. 34717)

MARC details
000 -LEADER
fixed length control field 00545nam a2200193Ia 4500
020 ## - INTERNATIONAL STANDARD BOOK NUMBER
ISBN 9789381714010
050 ## - CALL MARK
Classification number RC 71.3 .D36/
100 ## - STATEMENT OF RESPONSIBILITY--MAIN AUTHOR NAME
Personal name Danish, Mohammad Inam
245 #0 - TITLE STATEMENT
Title Short textbook of medical diagnosis and management
250 ## - EDITION / VOLUME STATEMENT
Edition / Volume statement 11th international ed.
260 ## - PUBLICATION, DISTRIBUTION, ETC. (IMPRINT)
Place of publication New Delhi
260 ## - PUBLICATION, DISTRIBUTION, ETC. (IMPRINT)
Name of publisher MedTec
260 ## - PUBLICATION, DISTRIBUTION, ETC. (IMPRINT)
Year of publication 2012
300 ## - PHYSICAL DESCRIPTION
Number of Pages 795 p
650 ## - SUBJECT ADDED ENTRY--TOPICAL TERM
Topical Term Diagnosis--Juvenile literature. Diagnosis. Medical care. Medicine--History.
942 ## - ADDED ENTRY ELEMENTS (KOHA)
Koha item type Books
Holdings
Withdrawn status Lost status Source of classification or shelving scheme Damaged status Not for loan Permanent Location Current Location Date acquired Accession Number Price effective from Koha item type
    Library of Congress Classification     NILE UNIVERSITY OF NIGERIA - MAIN LIBRARY NILE UNIVERSITY OF NIGERIA - MAIN LIBRARY 04/23/2025 0193948 04/23/2025 Books